01025nab a22002417a 4500003000400000005001700004008004100021040000700062100002300069245008700092260007200179300001500251500003900266505009900305505008900404650002000493650002200513650002200535650002700557650003400584650002800618773013700646OSt20260118214848.0190605e xxu||||| |||| 00| 0 spa d cPJ aGabet, Emiliano A.10aReparación integral del daño moral por violencia laboral /cEmiliano A. Gabet. aCiudad Autónoma de Buenos Aires :bThomson Reuters La Ley,c2025. ap. 128-130 aCita: TR LALEY AR/DOC/2672/2025.  aFallo comentado: CNTrab., sala II ~ 09/09/2025 ~ R., D. H. c. LYM MG S.A. y otro s/ despido. t¿Te interesa el texto completo? Solicitalo al correo: koha@justierradelfuego.gov.ar 0aDERECHO LABORAL 0aVIOLENCIA LABORAL 0aDAÑO PSÍQUICO 0aDISCRIMINACION LABORAL 0aRESPONSABILIDAD DEL EMPLEADOR 0aDERECHOS DEL TRABAJADOR0 02711dCiudad Autónoma de Buenos Aires : Thomson Reuters La Ley, 1999-2002.tRevista de derecho del trabajo. Nº 6 - Noviembre 2025